000 01015nam0a22002651 4500
001 rc\4324369
005 20250612050443.0
021 _aRU
_b[67-84267]
035 _a(NLR Aleph) 008514153
090 _a8187679
_c8187679
100 _a20130416d1967 |||y0rusy50 ca
101 0 _arus
102 _aRU
105 _aa z |||||
200 1 _aРадиационная опасность высоковольтных кенотронов
_eПрепринт
_fИн-т ядерной физики Сиб. отд-ния АН СССР
210 _aНовосибирск
_cБ. и.
_d1967
215 _a17 с.
_cчерт.
_d23
606 _aКенотроны
_xЗащита
_2psbo
700 1 _7ca
_8rus
_aГригорьев
_bВ. С.
_cканд. техн. наук, приборостроение
_gВиктор Семенович
_92642279
_3RU\NLR\AUTH\770272988
701 1 _aПротопопова
_bГ.М.
801 0 _aRU
_bNLR
_gpsbo
801 1 _aRU
_bELAR
_2rusmarc
852 _aNLR
_j67-7/2166
942 _cBOOK
980 _aNB